1785 1966 1823 1963 1215 1344 1111 1436 1482 1348 1370 1835 1328 1651 1558 1122 1115 2000 1503 1488 1133 1001 1018 1688 1283 1827 1873 1447 1739 1615 1737 1640 1826 1791 1601 1047 1110 1980 1486 1630 1704 1424 1117 1776 1969 1152 1128 1557 1431 1282 1626 1767 1378 1865 1413 1634 1951 1693 1929 1925 1860 1602 1869 1943 1506 1332 1555 1868 1845 1798 1226 1375 1489 1245 1537 1314 1247 1385 1075 1416 1552 1713 1848 1039 1312 1952 1268 1716 1395 1174 1132 1328 1405 1495 1040 1062 1660 1699 1355 BCNSPRNW ULIB Ver.6.0+V

เปลี่ยนเป็นภาษาไทย

Change to English
 แสดงรายละเอียดบรรณานุกรม
  กลับหน้าหลัก

Brief Record : Get Marc (ISO 2709) : E-mail record : QR code < ปิดหน้าต่าง
LEADER : 00000nam 2200000uu 4500
001    13399109147
003     ULIB
008    110323s2552||||th 000 0 tha d
020    9789744140975
050  4 PN147^bล629อ 2552
100 0  ลุงไอน์สไตน์
245 10 อัจฉริยะฉลาดเขียน =^bWriting genius /^cลุงไอน์สไตน์
246 31 Writing genius
250    พิมพ์ครั้งที่ 1
260    กรุงเทพฯ :^bบิสคิต,^c2552
300    123 หน้า ;^c21 ซม.
650  7 การเขียน
945    ^p175^l0^i029942
945    ^p175^l0^i029941
995    เกษร
999 ^a ใช้งานได้ทุกระบบ
รายการนี้ยังไม่มีแท็ก
คุณยังไม่ได้ล็อกอิน คุณสามารถมีกิจกรรมร่วมกับเว็บไซต์ได้ แต่ต้องล็อกอินก่อน ::
  ล็อกอิน

รายการสื่อสารสนเทศ

ลำดับที่ ประเภท เลขเรียก/บาร์โค้ด สถานที่ สถานะ
- ไม่พบข้อมูล -

รายการใกล้เคียง
    ผู้แต่ง [ลุงไอน์สไตน์]

    หัวเรื่อง [การเขียน]

BibComment


ยังไม่เคยถูกคอมเมนท์

คอมเมนท์ทรัพยากรรายการนี้
  คอมเมนท์: อัจฉริยะฉลาดเขียน..


 Copyright 2026. Bcnsprnw @Library